| 000 | 01000cam a2200217 4500 | ||
|---|---|---|---|
| 001 | ABS63871 | ||
| 008 | 000000n2001 000 0 eng u | ||
| 035 | _a(Sirsi) u112265 | ||
| 100 | _aBaldock, H. | ||
| 245 | _aIs This the one? | ||
| 260 | _c2001 | ||
| 490 |
_aBuilding _v266(8180) 12 April 2001, 42-43(2) |
||
| 520 | _aDescribes Asite a new construction portal which aims to become the central information hub for the entire property industry. The new portal has a number of strong backers which it needs to if it is to compete in this very difficult internet market. Asite plans to offer a suite of electronic products that enables users to integrate project management, procurement and cost management. Still in pilot stage, Asite will go live in late summer, the web address is www.asite.com | ||
| 590 | _aABS | ||
| 650 | _aASITE | ||
| 650 | _aCONSTRUCTION INDUSTRY | ||
| 650 | _aINTERNET PORTAL | ||
| 650 | _aARCHITECTS | ||
| 690 | _aINFORMATION TECHNOLOGY-INTERNET | ||
| 942 | _n0 | ||
| 999 |
_c66844 _d66844 |
||